| 000 | 00728nam a22002417a 4500 | ||
|---|---|---|---|
| 942 | _cBK | ||
| 999 |
_c574 _d574 |
||
| 005 | 20250420134816.0 | ||
| 008 | 200809b ||||| |||| 00| 0 eng d | ||
| 020 | _a9781292062358 | ||
| 040 | _cKCST | ||
| 082 |
_a519.2 _bHo Pr |
||
| 100 |
_aHogg, Robert V. _94961 |
||
| 245 |
_aProbability and statistical inference / _cRobert V Hogg; Dale L Zimmerman; Elliot A Tanis |
||
| 250 |
_a9th edition _bGlobal edition |
||
| 260 |
_aBoston : _bPearson, _c2015. |
||
| 300 | _ap. | ||
| 650 |
_aProbabilities. _91388 |
||
| 650 |
_aProbabilities _vProblems, exercises, etc. _94962 |
||
| 650 |
_aMathematical statistics. _91389 |
||
| 700 |
_aTanis, Elliot A. _94963 |
||
| 700 |
_aZimmerman, Dale L. _94964 |
||
| 942 | _2ddc | ||